Loading...
| History - European | 0 | 8 | 1 | 2 | 75 | 56 | 92.88 | 0 | 6 | 20.68 | 40.00 |
| History - Other | 0 | 8 | 2 | 0 | 70 | 53 | 71.25 | 4 | 8 | 29.98 | 56.39 |
| Philosophy | 0 | 6 | 0 | 0 | 60 | 75 | 94.17 | 0 | 6 | 14.30 | 27.78 |
| Literature - European | 0 | 6 | 0 | 0 | 60 | 50 | 99.00 | 1 | 3 | 13.73 | 22.22 |
| History - World | 0 | 6 | 0 | 1 | 60 | 62 | 91.33 | 1 | 4 | 14.32 | 30.56 |
| Science - Physics | 0 | 5 | 1 | 2 | 45 | 74 | 110.60 | 0 | 1 | 6.50 | 15.56 |
| Social Science | 0 | 5 | 2 | 0 | 40 | 36 | 73.80 | 3 | 5 | 15.58 | 34.72 |
| Literature - World | 0 | 3 | 0 | 0 | 30 | 67 | 100.00 | 0 | 2 | 6.53 | 12.50 |
| Literature - American | 0 | 4 | 2 | 0 | 30 | 88 | 115.00 | 0 | 2 | 5.83 | 15.28 |
| Literature - British | 0 | 3 | 0 | 2 | 30 | 97 | 124.67 | 0 | 2 | 2.64 | 12.78 |
| Fine Arts - Other | 0 | 3 | 1 | 0 | 25 | 82 | 93.33 | 2 | 3 | 7.73 | 22.22 |
| Current Events | 0 | 2 | 0 | 0 | 20 | 65 | 84.00 | 0 | 1 | 31.05 | 50.00 |
| Science - Chemistry | 0 | 2 | 0 | 0 | 20 | 93 | 94.00 | 0 | 1 | 3.27 | 9.44 |
| Religion | 0 | 2 | 1 | 0 | 15 | 113 | 119.00 | 0 | 1 | 2.29 | 6.94 |
| Other Academic | 0 | 1 | 0 | 0 | 10 | 97 | 97.00 | 0 | 1 | 10.24 | 26.67 |
| Fine Arts - Classical Music | 0 | 1 | 0 | 0 | 10 | 128 | 128.00 | 0 | 0 | -0.20 | 2.78 |
| Mythology | 0 | 1 | 0 | 0 | 10 | 88 | 88.00 | 0 | 1 | 3.31 | 6.94 |
| Science - Biology | 0 | 1 | 0 | 0 | 10 | 97 | 97.00 | 0 | 1 | 1.30 | 6.94 |
| Science - Other | 0 | 2 | 2 | 0 | 10 | 110 | 114.00 | 0 | 1 | 1.41 | 8.33 |
| History - American | 0 | 2 | 3 | 1 | 5 | 69 | 91.00 | 1 | 1 | 4.16 | 9.72 |
| Geography | 0 | 0 | 1 | 0 | -5 | 0.00 | 0 | 0 | 0.00 | 0.00 |